[Event "TCh-TUR Super League 2014"]
[Site "Kocaeli TUR"]
[Date "2014.08.26"]
[Round "9.1"]
[Board "2"]
[White "Safarli, Eltaj"]
[Black "Artemiev, Vladislav"]
[Result "1/2-1/2"]
[WhiteTitle "GM"]
[BlackTitle "GM"]
[WhiteElo "2649"]
[BlackElo "2650"]
[WhiteTeam "Antalya Calli Spor Kulubu"]
[BlackTeam "Istanbul Teknik Universitesi Socar – K.N.I."]
[WhiteFideId "13402129"]
[BlackFideId "24101605"]
[EventDate "2014.08.18"]

1. e4 c5 2. Nf3 d6 3. d4 cxd4 4. Nxd4 Nf6 5. Nc3 a6 6. Be3 e6 7. g4 e5 8. Nf5 h5
9. g5 Nxe4 10. Nxg7+ Bxg7 11. Nxe4 d5 12. Ng3 e4 13. c3 Nc6 14. Nxh5 Be5 15. f4
exf3 16. Qxf3 d4 17. O-O-O Be6 18. g6 Qh4 19. Nf4 Bxa2 20. cxd4 Bxf4 21. g7 Rg8
22. Qxf4 Qxf4 23. Bxf4 Rc8 24. Bh3 Be6 25. Bxe6 fxe6 26. Kb1 Rxg7 27. d5 exd5
28. Rxd5 Kf7 29. Bh6 Rg6 30. Bg5 Kg8 31. h4 Rc7 32. Re1 Kh7 33. Bd2 Rcg7 34. Ka2
Rg4 35. Rh5+ Kg8 36. Bc3 Rh7 37. Re8+ Kf7 38. Rxh7+ Kxe8 39. h5 Ra4+ 40. Kb1 Rh4
41. h6 Ne7 42. Bf6 Rh1+ 43. Ka2 Nf5 44. Bg5 Rh5 45. Bd2 Rh2 46. Bf4 Rh4 47. Bg5
Rh5 48. Bc1 Rh1 49. Kb1 Rh2 50. Bf4 Rh4 51. Bg5 Rh5 52. Bd2 Rh4 53. Rxb7 Nxh6
54. Rb6 Nf5 55. Rxa6 Kd7 56. Kc2 Nd4+ 57. Kd3 Nc6 58. Rb6 Ne5+ 59. Kc3 Rh3+ 60.
Kb4 Rh4+ 61. Kc3 Rh3+ 1/2-1/2

[Event "TCh-TUR Super League 2014"]
[Site "Kocaeli TUR"]
[Date "2014.08.26"]
[Round "9.1"]
[Board "3"]
[White "Can, Emre"]
[Black "Yurtseven, Melih"]
[Result "1-0"]
[WhiteTitle "GM"]
[WhiteElo "2529"]
[BlackElo "2271"]
[WhiteTeam "Istanbul Teknik Universitesi Socar – K.N.I."]
[BlackTeam "Antalya Calli Spor Kulubu"]
[WhiteFideId "6302181"]
[BlackFideId "6312160"]
[EventDate "2014.08.18"]

1. e4 c5 2. Nf3 d6 3. Bb5+ Bd7 4. Bxd7+ Qxd7 5. O-O Nc6 6. c3 Nf6 7. d4 Nxe4 8.
d5 Ne5 9. Re1 Nf6 10. Nxe5 dxe5 11. c4 O-O-O 12. Nc3 e6 13. Bg5 Be7 14. Rxe5 h6
15. Bf4 a6 16. Na4 Qc7 17. Rxe6 Qxf4 18. Rxe7 Ng4 19. Qf3 Qxh2+ 20. Kf1 Ne5 21.
Qf5+ Nd7 22. Rd1 Qd6 23. Rxf7 Rhe8 24. Kg1 Re5 25. Qg4 Kb8 26. Qg3 g5 27. b4 b6
28. Nxb6 Nxb6 29. bxc5 1-0

[Event "TCh-TUR Super League 2014"]
[Site "Kocaeli TUR"]
[Date "2014.08.26"]
[Round "9.1"]
[Board "4"]
[White "Sari, Yasin"]
[Black "Gurevich, Mikhail"]
[Result "0-1"]
[BlackTitle "GM"]
[WhiteElo "2076"]
[BlackElo "2571"]
[WhiteTeam "Antalya Calli Spor Kulubu"]
[BlackTeam "Istanbul Teknik Universitesi Socar – K.N.I."]
[WhiteFideId "6320902"]
[BlackFideId "200930"]
[EventDate "2014.08.18"]

1. e4 e6 2. d3 c5 3. Nf3 Nc6 4. g3 g6 5. Bg2 Bg7 6. h4 h6 7. O-O Nge7 8. c3 e5
9. Be3 d6 10. Na3 O-O 11. Qd2 Kh7 12. d4 exd4 13. cxd4 d5 14. exd5 Nxd5 15. dxc5
Nxe3 16. Qxe3 Be6 17. Nb5 Qa5 18. Nd6 Rab8 19. h5 g5 20. Rfd1 Qb4 21. Rd2 Kg8
22. a3 Qg4 23. Rad1 a5 24. Qe4 Qxe4 25. Nxe4 Bg4 26. Re1 Bxh5 27. Nd6 Rfd8 28.
Nc4 a4 29. Re3 Rxd2 30. Nfxd2 Bd4 31. Re1 Kg7 32. Ne4 Re8 33. Kf1 Bg6 34. Ncd6
Re5 35. Re2 Bxc5 36. Nxc5 Rxc5 37. Kg1 b6 38. Kh2 Nd4 39. Rd2 Nb3 40. Re2 Rc1
41. Ne4 Bh5 42. f3 Bg6 43. Nc3 Nc5 44. Rd2 Rc2 45. Rxc2 Bxc2 46. Bf1 Kf6 47. Kg2
Ke5 48. Kf2 f5 49. Be2 Bb3 50. Bb5 h5 51. Be2 f4 52. gxf4+ gxf4 53. Bb5 h4 54.
Bf1 Kd4 55. Nb5+ Kd5 56. Nc3+ Ke5 57. Nb5 Bc2 58. Nc3 Bd3 59. Bh3 Bc4 60. Kg2
Bb3 61. Bc8 Kd4 62. Bf5 Ke3 63. Bg6 Kd2 64. Kh3 Kc1 65. Kxh4 Kxb2 66. Nb5 Bc4
67. Nd6 Ba6 68. Kg4 Kxa3 69. Kxf4 Kb2 0-1

[Event "TCh-TUR Super League 2014"]
[Site "Kocaeli TUR"]
[Date "2014.08.26"]
[Round "9.1"]
[Board "5"]
[White "Kinsiz, Onur"]
[Black "Burcu, Cagatay"]
[Result "1-0"]
[WhiteElo "2239"]
[BlackElo "2099"]
[WhiteTeam "Istanbul Teknik Universitesi Socar – K.N.I."]
[BlackTeam "Antalya Calli Spor Kulubu"]
[WhiteFideId "6301517"]
[BlackFideId "6310630"]
[EventDate "2014.08.18"]

1. e4 Nf6 2. e5 Nd5 3. d4 d6 4. c4 Nb6 5. exd6 exd6 6. Nc3 Be7 7. Bd3 Nc6 8.
Nge2 Bg4 9. Be3 O-O 10. O-O Bf6 11. Qd2 Re8 12. Nf4 Nb4 13. h3 Nxd3 14. Qxd3 Be6
15. d5 Bd7 16. Nh5 Be5 17. f4 Qh4 18. fxe5 Qxh5 19. Bxb6 axb6 20. exd6 cxd6 21.
Rae1 Re5 22. Rxe5 Qxe5 23. Qd2 Re8 24. Qf4 f6 25. Rf2 Qe1+ 26. Rf1 Qe5 27. Rf3
Qe1+ 28. Kh2 Qe5 29. Qxe5 Rxe5 30. Kg3 Kf8 31. Kf2 Ke7 32. Re3 h6 33. Ke2 Kd8
34. Kd3 Kc7 35. Kd4 Rg5 36. Re2 Rf5 37. Re7 Rg5 38. Re2 Re5 39. b4 Be8 40. Re3
Bd7 41. a4 Rg5 42. Re2 Re5 43. a5 bxa5 44. bxa5 Rf5 45. c5 Rf4+ 46. Re4 Rf2 47.
cxd6+ Kxd6 48. Re6+ Kc7 49. Re2 Rf4+ 50. Kc5 Rf1 51. Re7 Rc1 52. Kd4 g5 53. Rf7
f5 54. Nb5+ Kd8 55. Nd6 Rd1+ 56. Ke5 Re1+ 57. Kf6 Rb1 58. Re7 g4 59. Nf7+ Kc8
60. Ne5 gxh3 61. gxh3 Ba4 62. d6 Rd1 63. Rc7+ Kb8 64. Ke7 f4 65. Rc4 Re1 66. Kf6
f3 67. Nxf3 Rf1 68. Rxa4 Rxf3+ 69. Ke7 Re3+ 70. Kd8 Rxh3 71. Re4 Rg3 72. d7 Rg7
73. Ke8 Rg8+ 74. Ke7 Rg7+ 75. Kd6 1-0

[Event "TCh-TUR Super League 2014"]
[Site "Kocaeli TUR"]
[Date "2014.08.26"]
[Round "9.1"]
[Board "6"]
[White "Mammadova, Gulnar"]
[Black "Asan, Elvan"]
[Result "1-0"]
[WhiteTitle "WGM"]
[WhiteElo "2334"]
[BlackElo "1821"]
[WhiteTeam "Antalya Calli Spor Kulubu"]
[BlackTeam "Istanbul Teknik Universitesi Socar – K.N.I."]
[WhiteFideId "13403508"]
[BlackFideId "6312209"]
[EventDate "2014.08.18"]

1. e4 c6 2. d4 d5 3. f3 e6 4. Nc3 Bb4 5. Bf4 Ne7 6. Ne2 Nd7 7. a3 Bxc3+ 8. Nxc3
O-O 9. Be2 Ng6 10. Bd6 Re8 11. O-O f5 12. Qd2 Nb6 13. e5 Bd7 14. a4 Nc8 15. Ba3
Qh4 16. f4 h6 17. g3 Qd8 18. Bh5 Kh7 19. g4 Nce7 20. Qd3 Rg8 21. Rae1 Be8 22.
Kh1 Nh4 23. Qh3 Bxh5 24. Qxh4 Bxg4 25. Qxe7 Qb6 26. Qc5 Qd8 27. Ne2 Qh4 28. Ng1
g5 29. Bb4 Rg7 30. Qc3 Rag8 31. fxg5 Qxg5 32. Qe3 Qh5 33. Rf4 Qg6 34. Qg3 Qh5
35. Qf2 Qg6 36. Re3 h5 37. Re1 Qg5 38. h3 Bxh3 39. Nxh3 Qh6 40. Rg1 Rg4 41. Bd2
Qg6 42. Rfxg4 hxg4 43. Qh4+ Kg7 44. Qe7+ 1-0

[Event "TCh-TUR Super League 2014"]
[Site "Kocaeli TUR"]
[Date "2014.08.26"]
[Round "9.1"]
[Board "7"]
[White "Ipatov, Alexander"]
[Black "Sipahioglu, Irmak"]
[Result "1-0"]
[WhiteTitle "GM"]
[WhiteElo "2614"]
[BlackElo "2133"]
[WhiteTeam "Istanbul Teknik Universitesi Socar – K.N.I."]
[BlackTeam "Antalya Calli Spor Kulubu"]
[WhiteFideId "14116731"]
[BlackFideId "6307205"]
[EventDate "2014.08.18"]

1. c4 e6 2. d4 f5 3. g3 Nf6 4. Bg2 d5 5. Nh3 c6 6. O-O Bd6 7. Bf4 Be7 8. Qc2 O-O
9. Nd2 h6 10. f3 Na6 11. a3 Bd7 12. b4 Be8 13. Kh1 g5 14. Be3 Rc8 15. Bg1 Kg7
16. e4 fxe4 17. fxe4 Bg6 18. Nf2 Nc7 19. Nd3 Nd7 20. Rxf8 Qxf8 21. Rf1 Qg8 22.
Ne5 Nxe5 23. dxe5 c5 24. bxc5 d4 25. Nb3 Na6 26. c6 bxc6 27. Nxd4 Nc5 28. Nf5+
exf5 29. exf5 Bh7 30. Qc3 Bxf5 31. Bxc5 Bxc5 32. Rxf5 Rf8 33. e6+ Kh7 34. Be4
Qg6 35. Rf7+ 1-0

[Event "TCh-TUR Super League 2014"]
[Site "Kocaeli TUR"]
[Date "2014.08.26"]
[Round "9.1"]
[Board "8"]
[White "Durmaz, Ayca Fatma"]
[Black "Abdumalik, Zhansaya"]
[Result "0-1"]
[WhiteTitle "WCM"]
[BlackTitle "WGM"]
[WhiteElo "1867"]
[BlackElo "2333"]
[WhiteTeam "Antalya Calli Spor Kulubu"]
[BlackTeam "Istanbul Teknik Universitesi Socar – K.N.I."]
[WhiteFideId "6317855"]
[BlackFideId "13703544"]
[EventDate "2014.08.18"]

1. c4 e5 2. Nc3 Nf6 3. g3 d5 4. cxd5 Nxd5 5. Bg2 Nb6 6. Nf3 Nc6 7. O-O Be7 8. d3
O-O 9. Rb1 Be6 10. Ne1 a5 11. Nc2 Rb8 12. b3 Nd4 13. Ne3 c6 14. Nc4 Nd7 15. Bb2
b5 16. Nd2 Qb6 17. Rc1 Rbc8 18. e3 Nf5 19. Ne2 f6 20. d4 Rfd8 21. Qc2 Nf8 22.
Nf3 exd4 23. Nexd4 Nxd4 24. Nxd4 c5 25. Nxe6 Qxe6 26. Rfd1 Kh8 27. Bf1 Qb6 28.
Rxd8 Rxd8 29. Rd1 Rb8 30. Rd5 Qe6 31. Qd2 h6 32. Bg2 a4 33. e4 c4 34. Qd1 cxb3
35. axb3 a3 36. Bd4 b4 37. Qb1 Rc8 38. Be3 Nd7 39. h3 Ne5 40. f4 Rc3 41. Bd4
Nf3+ 42. Bxf3 Rxf3 43. Kg2 a2 44. Qd1 Rc3 45. Bxc3 Qxe4+ 46. Kh2 bxc3 47. Ra5 c2
48. Qf1 Qe3 49. Ra8+ Kh7 0-1

[Event "TCh-TUR Super League 2014"]
[Site "Kocaeli TUR"]
[Date "2014.08.26"]
[Round "9.1"]
[Board "9"]
[White "Sanal, Vahap"]
[Black "Tasdogen, Dincer"]
[Result "1-0"]
[WhiteTitle "IM"]
[WhiteElo "2473"]
[BlackElo "1797"]
[WhiteTeam "Istanbul Teknik Universitesi Socar – K.N.I."]
[BlackTeam "Antalya Calli Spor Kulubu"]
[WhiteFideId "6300545"]
[BlackFideId "6367097"]
[EventDate "2014.08.18"]

1. e4 c5 2. Nf3 e6 3. d4 cxd4 4. Nxd4 Nf6 5. Nc3 Nc6 6. Ndb5 Bb4 7. a3 Bxc3+ 8.
Nxc3 d5 9. Bd3 O-O 10. O-O d4 11. Ne2 e5 12. b4 Ne8 13. c3 dxc3 14. Nxc3 Be6 15.
Bb2 Nd6 16. Rc1 a5 17. Nd5 axb4 18. Nxb4 Nd4 19. Rc5 Ra5 20. Rxa5 Qxa5 21. Qh5
Ra8 22. Nd5 f6 23. Bxd4 exd4 24. h3 Bf7 25. Qf3 Bxd5 26. exd5 Qxa3 27. Re1 Qc3
28. Re7 Qc1+ 29. Kh2 Qg5 30. g3 Rd8 31. h4 Qd2 32. Kg2 Re8 33. Rd7 Re3 34. Qg4
Ne8 35. Qh5 Rxg3+ 36. Kxg3 Qxd3+ 37. Kh2 g6 38. Qxh7+ 1-0

[Event "TCh-TUR Super League 2014"]
[Site "Kocaeli TUR"]
[Date "2014.08.26"]
[Round "9.2"]
[Board "1"]
[White "Dubov, Daniil"]
[Black "Guner, Sati Emre"]
[Result "1-0"]
[WhiteTitle "GM"]
[WhiteElo "2614"]
[BlackElo "2041"]
[WhiteTeam "Ankara Demirspor Kulubu"]
[BlackTeam "Aliaga Genclik VE Spor Kulubu Dernegi"]
[WhiteFideId "24126055"]
[BlackFideId "6304192"]
[EventDate "2014.08.18"]

1. d4 d5 2. c4 c6 3. Nf3 Nf6 4. g3 g6 5. Bg2 Bg7 6. O-O O-O 7. Nbd2 b6 8. Qc2
Bb7 9. e4 dxe4 10. Nxe4 Nbd7 11. Rd1 Qc8 12. Nc3 e6 13. Bf4 Re8 14. Rac1 Nh5 15.
Be3 Nhf6 16. h3 Qd8 17. Ne5 Rc8 18. Qa4 Qc7 19. Nd3 a6 20. Bf4 Qd8 21. Qa3 Bf8
22. Qb3 h6 23. a4 g5 24. Be3 Qc7 25. a5 b5 26. cxb5 axb5 27. Ra1 e5 28. dxe5
Nxe5 29. Bb6 Qb8 30. Nxe5 Rxe5 31. a6 Ba8 32. Bd4 Re6 33. a7 Qc7 34. Ra6 Rce8
35. Bxf6 Rxf6 36. Nd5 Qe5 37. Nxf6+ Qxf6 38. Qc3 1-0

[Event "TCh-TUR Super League 2014"]
[Site "Kocaeli TUR"]
[Date "2014.08.26"]
[Round "9.2"]
[Board "2"]
[White "Yasar, Ugur"]
[Black "Onischuk, Vladimir"]
[Result "0-1"]
[BlackTitle "GM"]
[WhiteElo "1777"]
[BlackElo "2593"]
[WhiteTeam "Aliaga Genclik VE Spor Kulubu Dernegi"]
[BlackTeam "Ankara Demirspor Kulubu"]
[WhiteFideId "6324754"]
[BlackFideId "14114038"]
[EventDate "2014.08.18"]

1. e4 d6 2. d4 Nf6 3. Nc3 g6 4. Nf3 Bg7 5. Be3 a6 6. Bd3 Nc6 7. h3 O-O 8. Qd2 e5
9. Ne2 exd4 10. Nexd4 Re8 11. Nxc6 bxc6 12. Qb4 c5 13. Qc4 Be6 14. Qa4 Bd7 15.
Qa3 Nxe4 16. O-O Qf6 17. Rab1 a5 18. Bxe4 Rxe4 19. Bg5 Qf5 20. Qd3 Rae8 21. g4
Rxg4+ 22. hxg4 Qxg4+ 23. Kh2 Qh3+ 24. Kg1 Bc6 25. Rfe1 Rxe1+ 26. Rxe1 Bxf3 27.
Re8+ Bf8 28. Qxf3 Qxf3 29. Be7 Qg4+ 30. Kf1 Qd7 0-1

[Event "TCh-TUR Super League 2014"]
[Site "Kocaeli TUR"]
[Date "2014.08.26"]
[Round "9.2"]
[Board "3"]
[White "Baklan, Vladimir"]
[Black "Ozkan, Ufuk"]
[Result "1-0"]
[WhiteTitle "GM"]
[WhiteElo "2655"]
[BlackElo "1717"]
[WhiteTeam "Ankara Demirspor Kulubu"]
[BlackTeam "Aliaga Genclik VE Spor Kulubu Dernegi"]
[WhiteFideId "14102196"]
[BlackFideId "6349218"]
[EventDate "2014.08.18"]

1. e4 d5 2. exd5 Nf6 3. Bb5+ Nbd7 4. Nf3 Nxd5 5. d4 a6 6. Be2 N7f6 7. c4 Nb6 8.
O-O Bf5 9. Nc3 e6 10. Ne5 Be7 11. Be3 O-O 12. g4 Bg6 13. f4 Qc8 14. Qb3 h6 15.
g5 hxg5 16. fxg5 Ne8 17. Nxg6 fxg6 18. c5 Rxf1+ 19. Rxf1 Nd7 20. Qxe6+ 1-0

[Event "TCh-TUR Super League 2014"]
[Site "Kocaeli TUR"]
[Date "2014.08.26"]
[Round "9.2"]
[Board "4"]
[White "Demiral, Abdulkadir"]
[Black "Yagiz, Yasin Emrah"]
[Result "0-1"]
[BlackTitle "FM"]
[WhiteElo "1699"]
[BlackElo "2251"]
[WhiteTeam "Aliaga Genclik VE Spor Kulubu Dernegi"]
[BlackTeam "Ankara Demirspor Kulubu"]
[WhiteFideId "6349021"]
[BlackFideId "6303684"]
[EventDate "2014.08.18"]

1. d4 e6 2. Nf3 c5 3. c3 Nf6 4. Bf4 cxd4 5. cxd4 Bb4+ 6. Nbd2 O-O 7. Qb3 Nc6 8.
a3 Nd5 9. axb4 Nxf4 10. e3 Ng6 11. Bd3 d5 12. O-O Bd7 13. b5 Nce7 14. b6 a6 15.
Rfc1 Nc6 16. Bxg6 hxg6 17. Ne5 Be8 18. Nxc6 Bxc6 19. Rc5 Re8 20. Qb4 Re7 21.
Rac1 e5 22. Nb3 Qe8 23. Na5 exd4 24. Nxc6 bxc6 25. Rxc6 Re6 26. Rc7 dxe3 27.
fxe3 a5 28. Qc5 Rxe3 29. Rc8 Rxc8 30. Qxc8 Re1+ 31. Kf2 Re2+ 32. Kg3 Re3+ 33.
Kh4 g5+ 34. Kxg5 f6+ 35. Kg4 Kh7 36. Qxe8 Rxe8 37. b7 Re4+ 38. Kf5 Re5+ 39. Kf4
Re4+ 40. Kf3 Rb4 41. Rc2 Rxb7 42. Rd2 Rb3+ 43. Kf4 Kg6 44. g4 Rb5 45. h4 Kf7 46.
h5 Ke6 47. Re2+ Kd6 48. g5 fxg5+ 49. Kxg5 d4+ 50. Kg6 Rb7 51. Rf2 Ke5 52. Rf5+
Ke4 53. Rxa5 d3 54. Ra8 Rd7 55. Ra4+ Ke3 56. Rh4 d2 57. Rh1 Ke2 58. Rh2+ Kd3 59.
Rh1 Kc2 60. Rh2 Kc1 61. Rxd2 Kxd2 62. b4 Kc3 0-1

[Event "TCh-TUR Super League 2014"]
[Site "Kocaeli TUR"]
[Date "2014.08.26"]
[Round "9.2"]
[Board "6"]
[White "Ozaltun, Gokce"]
[Black "Gyokbulut, Julia"]
[Result "0-1"]
[BlackTitle "WFM"]
[WhiteElo "1433"]
[BlackElo "2098"]
[WhiteTeam "Aliaga Genclik VE Spor Kulubu Dernegi"]
[BlackTeam "Ankara Demirspor Kulubu"]
[WhiteFideId "6345069"]
[BlackFideId "4153979"]
[EventDate "2014.08.18"]

1. e4 c5 2. Nf3 e6 3. d4 cxd4 4. Nxd4 a6 5. Nc3 Qc7 6. Be2 b5 7. a3 Bb7 8. O-O
Nf6 9. f3 Nc6 10. Nb3 Rd8 11. Be3 d5 12. exd5 Nxd5 13. Nxd5 Rxd5 14. Qe1 Be7 15.
Qf2 O-O 16. Rad1 Ne5 17. Rxd5 Bxd5 18. Nd4 Nc4 19. Bxc4 Qxc4 20. Nb3 Rc8 21. Rc1
Bh4 22. Qd2 Bf6 23. Nd4 h5 24. c3 Qc7 25. Ne2 Bc4 26. Nf4 Rd8 27. Qf2 Qe5 28.
Re1 Qf5 29. Bc1 e5 30. Nh3 Rd3 31. Kh1 Bd5 32. Kg1 Bxf3 33. gxf3 Qxh3 34. Qg3
Qxg3+ 35. hxg3 Rxf3 36. Kg2 Rd3 37. Re4 Rd1 38. Be3 Rb1 39. c4 Rxb2+ 40. Kh3
bxc4 41. Rxc4 Rb3 42. Bc5 h4 43. Ra4 Rxg3+ 44. Kh2 Rd3 45. Rxa6 Bg5 0-1

[Event "TCh-TUR Super League 2014"]
[Site "Kocaeli TUR"]
[Date "2014.08.26"]
[Round "9.2"]
[Board "7"]
[White "Yuksel, Atilla Koksal"]
[Black "Cingoz, Ozan"]
[Result "1-0"]
[WhiteTitle "CM"]
[WhiteElo "2107"]
[BlackElo "1930"]
[WhiteTeam "Ankara Demirspor Kulubu"]
[BlackTeam "Aliaga Genclik VE Spor Kulubu Dernegi"]
[WhiteFideId "6306667"]
[BlackFideId "6333397"]
[EventDate "2014.08.18"]

1. e4 c5 2. Nf3 d6 3. d4 cxd4 4. Nxd4 Nf6 5. Nc3 g6 6. Be3 Bg7 7. f3 O-O 8. Qd2
Nc6 9. Bc4 Bd7 10. O-O-O Rc8 11. Bb3 Ne5 12. Kb1 Nc4 13. Bxc4 Rxc4 14. g4 h5 15.
gxh5 Nxh5 16. Rhg1 e6 17. Nde2 Qa5 18. Qxd6 Bc6 19. Rxg6 fxg6 20. Qxe6+ Kh7 21.
Qxc4 Rxf3 22. Bd4 Qc7 23. Bxg7 Nxg7 24. Nd4 Rh3 25. Rf1 Qxh2 26. Nxc6 bxc6 27.
Qxc6 Qg2 28. Rd1 Rh1 29. Qd7 Rxd1+ 30. Qxd1 g5 31. Kc1 Kg6 32. Qe2 Qg1+ 33. Kd2
Qb6 34. Qb5 Qf2+ 35. Ne2 g4 36. Qd7 Qg2 37. Qd6+ Kg5 38. Qf4+ Kg6 39. c4 Nh5 40.
Qf5+ Kh6 41. c5 1-0

[Event "TCh-TUR Super League 2014"]
[Site "Kocaeli TUR"]
[Date "2014.08.26"]
[Round "9.2"]
[Board "9"]
[White "Yaver, Faik Emre"]
[Black "Karaoglan, Kivanc"]
[Result "1/2-1/2"]
[WhiteElo "1919"]
[BlackElo "1903"]
[WhiteTeam "Ankara Demirspor Kulubu"]
[BlackTeam "Aliaga Genclik VE Spor Kulubu Dernegi"]
[WhiteFideId "6329969"]
[BlackFideId "6329152"]
[EventDate "2014.08.18"]

1. e4 e5 2. Nf3 d6 3. d4 Nd7 4. Bc4 c6 5. O-O Be7 6. Nc3 Ngf6 7. Re1 O-O 8. a4
a5 9. h3 h6 10. Be3 Re8 11. Qd3 Qc7 12. Rad1 Nf8 13. Bb3 Ng6 14. Qc4 Bf8 15.
dxe5 Nxe5 16. Nxe5 dxe5 17. Nd5 Nxd5 18. exd5 Bf5 19. Rd2 Rad8 20. Red1 Rd7 21.
dxc6 Rxd2 22. Rxd2 Be6 23. Qb5 Bxb3 24. cxb3 bxc6 25. Qb6 Qxb6 26. Bxb6 Bb4 27.
Rc2 c5 28. Kf1 Re6 29. Ba7 Ra6 30. Bb8 f6 31. Rc4 Kf7 32. f4 Rb6 33. Ba7 Rc6 34.
fxe5 fxe5 35. Bb8 Ke6 36. Re4 Kd5 37. Rxe5+ Kd4 38. Re8 Kd3 39. Be5 g6 40. Bg7
h5 41. Kf2 Rc7 42. Bh8 Rf7+ 43. Kg3 Kc2 44. Re3 Bd2 45. Re2 Kd3 46. Re8 Bf4+ 47.
Kh4 Be3 48. Bc3 Rf4+ 49. g4 hxg4 50. hxg4 Ke2 51. Re6 Rf2 52. Bxa5 Kf3 53. Bc7
g5+ 54. Kh5 Rxb2 55. Bd8 Rxb3 56. Bxg5 Bxg5 57. Kxg5 Rb4 58. Rf6+ Kg3 59. a5
Rxg4+ 60. Kf5 Ra4 61. a6 Kf3 62. Rc6 c4 63. a7 Ra5+ 64. Ke6 Rxa7 65. Rxc4 1/2-1/2

[Event "TCh-TUR Super League 2014"]
[Site "Kocaeli TUR"]
[Date "2014.08.26"]
[Round "9.2"]
[Board "10"]
[White "Ozaltun, Ecem"]
[Black "Kose, Ulya"]
[Result "1-0"]
[WhiteElo "1531"]
[BlackElo "1512"]
[WhiteTeam "Aliaga Genclik VE Spor Kulubu Dernegi"]
[BlackTeam "Ankara Demirspor Kulubu"]
[WhiteFideId "6345050"]
[BlackFideId "6372813"]
[EventDate "2014.08.18"]

1. d4 d5 2. Nf3 Nf6 3. e3 e6 4. Bd3 Nbd7 5. O-O c5 6. b3 Bd6 7. Bb2 O-O 8. Ne5
Qc7 9. f4 a6 10. Rf3 b5 11. Nxd7 Nxd7 12. Rh3 h6 13. dxc5 Nxc5 14. Rxh6 Nxd3 15.
cxd3 e5 16. Rh4 exf4 17. Qh5 f5 18. Qh7+ Kf7 19. Qxg7+ Ke8 20. Qg6+ Kd8 21. Rh7
Be7 22. Nc3 Bb7 23. Ba3 Qxc3 24. Rc1 Qxc1+ 25. Bxc1 Rc8 26. Qb6+ Ke8 27. Rxe7+
Kxe7 28. Ba3+ Ke8 29. Qe6+ Kd8 30. Qe7# 1-0

[Event "TCh-TUR Super League 2014"]
[Site "Kocaeli TUR"]
[Date "2014.08.26"]
[Round "9.3"]
[Board "2"]
[White "Filippov, Anton UZB"]
[Black "Solak, Dragan"]
[Result "0-1"]
[WhiteTitle "GM"]
[BlackTitle "GM"]
[WhiteElo "2615"]
[BlackElo "2632"]
[WhiteTeam "Akdeniz Belediyesi Spor Kulubu"]
[BlackTeam "Besiktas Jimnastik Kulubu"]
[WhiteFideId "14200988"]
[BlackFideId "916811"]
[EventDate "2014.08.18"]

1. e4 c6 2. d4 d5 3. e5 Bf5 4. h4 h5 5. Bg5 Qb6 6. Bd3 Qxd4 7. Nf3 Qg4 8. O-O
Bxd3 9. Qxd3 e6 10. Nbd2 Be7 11. Rad1 Nd7 12. Rfe1 Rd8 13. Qe3 Bxg5 14. hxg5 c5
15. b4 b6 16. bxc5 bxc5 17. Qa3 Ne7 18. Qxa7 Ng6 19. Nf1 O-O 20. a4 Ndxe5 21.
Nxe5 Nxe5 22. Nh2 Qxg5 23. Qxc5 Ra8 24. Qd4 Ng6 25. Nf3 Qg4 26. Nh2 Qxd4 27.
Rxd4 Rfc8 28. Rc1 Ne5 29. Nf3 Nxf3+ 30. gxf3 Rc3 31. Rb4 Ra3 32. c4 R3xa4 33.
Rxa4 Rxa4 34. cxd5 exd5 35. Rc8+ Kh7 36. Rd8 Rd4 37. Rd6 g5 38. Kg2 Kg7 39. f4
Rxf4 40. Rxd5 Kg6 41. Ra5 Rg4+ 42. Kh2 Rb4 43. Kg2 g4 44. Ra8 h4 45. Rh8 Kg5 46.
Rh7 f5 47. Rh8 h3+ 48. Kh2 Rb2 49. Kg1 Rb1+ 50. Kh2 Rf1 0-1

[Event "TCh-TUR Super League 2014"]
[Site "Kocaeli TUR"]
[Date "2014.08.26"]
[Round "9.3"]
[Board "3"]
[White "Mamedov, Rauf"]
[Black "Khurtsidze, Nino"]
[Result "1-0"]
[WhiteTitle "GM"]
[BlackTitle "IM"]
[WhiteElo "2659"]
[BlackElo "2467"]
[WhiteTeam "Besiktas Jimnastik Kulubu"]
[BlackTeam "Akdeniz Belediyesi Spor Kulubu"]
[WhiteFideId "13401653"]
[BlackFideId "13600320"]
[EventDate "2014.08.18"]

1. e4 c5 2. Nf3 e6 3. b3 a6 4. c4 d6 5. Bb2 Nf6 6. Nc3 g6 7. d4 cxd4 8. Qxd4 Nc6
9. Qd2 Bg7 10. Be2 O-O 11. O-O Qa5 12. Rfd1 Rd8 13. a3 Qc7 14. b4 b6 15. Rac1
Bb7 16. Nd5 exd5 17. cxd5 Nxe4 18. Qc2 Bxb2 19. Qxb2 Qd7 20. dxc6 Bxc6 21. Ne5
Qf5 22. Ng4 Qc8 23. Bf3 d5 24. Ne5 1-0

[Event "TCh-TUR Super League 2014"]
[Site "Kocaeli TUR"]
[Date "2014.08.26"]
[Round "9.3"]
[Board "4"]
[White "Annaberdiyev, Babageldi"]
[Black "Apaydin, Fethi"]
[Result "1/2-1/2"]
[WhiteTitle "FM"]
[BlackTitle "FM"]
[WhiteElo "2238"]
[BlackElo "2294"]
[WhiteTeam "Akdeniz Belediyesi Spor Kulubu"]
[BlackTeam "Besiktas Jimnastik Kulubu"]
[WhiteFideId "14000385"]
[BlackFideId "6302521"]
[EventDate "2014.08.18"]

1. d4 g6 2. c4 Bg7 3. Nc3 d6 4. e4 Nf6 5. h3 O-O 6. Bg5 c5 7. d5 a6 8. a4 h6 9.
Be3 e6 10. Bd3 exd5 11. exd5 Re8 12. Qd2 Nfd7 13. Nf3 Bd4 14. O-O Bxe3 15. fxe3
Ne5 16. Nxe5 Rxe5 17. Rf3 Nd7 18. Raf1 Re7 19. e4 Ne5 20. Rf6 Kg7 21. Be2 Qc7
22. b3 Bd7 23. Qb2 Rg8 24. Nd1 Bf5 25. R6xf5 gxf5 26. Rxf5 Kf8 27. Qd2 Rg5 28.
Ne3 Ke8 29. Rxg5 hxg5 30. Nf5 f6 31. Nxe7 Qxe7 32. Bh5+ Kd8 33. Qa5+ Kc8 34. Qe1
Qh7 35. Bg4+ Nxg4 36. hxg4 Qe7 37. Qe3 Qe5 38. Qf3 Kc7 39. Qf5 Kb6 40. Qd7 Qf4
41. Qd8+ Ka7 42. a5 Qe3+ 43. Kh2 Qf4+ 44. Kg1 Qe3+ 45. Kh2 Qf4+ 46. Kg1 Qe3+ 1/2-1/2

[Event "TCh-TUR Super League 2014"]
[Site "Kocaeli TUR"]
[Date "2014.08.26"]
[Round "9.3"]
[Board "5"]
[White "Arat, Ufuk Sezen"]
[Black "Dogan, Nazmi Can"]
[Result "1-0"]
[WhiteElo "2189"]
[BlackElo "2135"]
[WhiteTeam "Besiktas Jimnastik Kulubu"]
[BlackTeam "Akdeniz Belediyesi Spor Kulubu"]
[WhiteFideId "6309089"]
[BlackFideId "6309658"]
[EventDate "2014.08.18"]

1. d4 Nf6 2. Nf3 g6 3. Nbd2 c5 4. c3 d5 5. dxc5 Bg7 6. b4 a5 7. Bb2 b6 8. cxb6
Qxb6 9. a3 O-O 10. e3 Nbd7 11. Be2 Ba6 12. O-O Rfc8 13. Rb1 e5 14. Nb3 Bxe2 15.
Qxe2 e4 16. Nfd2 a4 17. Na5 Ne5 18. c4 Nxc4 19. Ndxc4 dxc4 20. Nxc4 Qb5 21. Rfc1
Rc6 22. Qf1 Rac8 23. Nd6 Qxf1+ 24. Kxf1 Rxc1+ 25. Rxc1 Rxc1+ 26. Bxc1 Bf8 27.
Nc4 Nd5 28. Bb2 f5 29. Ke2 Kf7 30. Bd4 Ke6 31. Nb2 Nxb4 32. axb4 a3 33. Nd1 Bxb4
34. Nc3 h5 35. Kd1 g5 36. Kc2 Bd6 37. h3 g4 38. hxg4 fxg4 39. Nxe4 h4 40. Nxd6
Kxd6 41. Bf6 Kd5 1-0